Closest country acrostics- C countries - Statistics

General Stats
  • This quiz has been taken 536 times
  • The average score is 68 of 127
Answer Stats
Hint Answer % Correct
C China
91%
O Oman
91%
I Indonesia
87%
M Malaysia
83%
A Afghanistan
82%
O Oman
80%
A Antigua and Barbuda
79%
N Nicaragua
77%
A Angola
75%
C Cuba
75%
D Djibouti
74%
H Honduras
73%
N Nigeria
73%
C Central African Republic
72%
C Colombia
72%
E Equatorial Guinea
72%
B Burma
71%
M Mali
71%
D Dominican Republic
70%
A Azerbaijan
69%
O Oman
69%
I India
68%
E Ecuador
66%
C Costa Rica
64%
R Republic of the Congo
64%
A Angola
63%
C Central African Republic
63%
H Hungary
63%
N Nigeria
63%
O Oman
63%
A Angola
62%
C Cambodia
62%
C Cameroon
62%
E Equatorial Guinea
62%
A Algeria
61%
A Algeria
60%
E Equatorial Guinea
60%
N North Korea
60%
R Rwanda
60%
V Vatican City
60%
A Antigua and Barbuda
59%
F France
59%
H Hungary
59%
O Oman
59%
A Afghanistan
58%
C Colombia
58%
T Togo
58%
O Oman
57%
A Antigua and Barbuda
56%
N Niger
56%
P Portugal
56%
A Andorra
55%
C Chad
55%
E Ethiopia
55%
O Oman
55%
R Republic of the Congo
55%
U Uganda
55%
D Democratic Republic of the Congo
54%
Y Yemen
54%
E Egypt
53%
L Libya
53%
C Costa Rica
52%
L Liberia
52%
A Antigua and Barbuda
51%
B Barbados
51%
I Ireland
51%
I Italy
51%
R Republic of the Congo
51%
R Romania
51%
R Rwanda
51%
B Bahamas
50%
C Cote d'Ivoire
50%
L Liberia
50%
R Romania
50%
U United States
50%
A Algeria
49%
S Saint Kitts and Nevis
49%
T Trinidad and Tobago
49%
Z Zambia
49%
I Israel
48%
M Mexico
48%
A Argentina
47%
A Austria
47%
B Burundi
47%
C Cuba
47%
E Estonia
47%
L Liberia
47%
C Cameroon
46%
C Croatia
46%
H Hungary
46%
I Iceland
46%
M Madagascar
46%
R Romania
46%
E Equatorial Guinea
45%
C Czech Republic
44%
P Portugal
44%
R Romania
44%
T Togo
44%
I Iceland
43%
A Albania
42%
C Croatia
42%
I Iraq
42%
I Italy
42%
P Poland
41%
P Poland
41%
U United Kingdom
41%
I Italy
40%
U Ukraine
40%
V Vatican City
40%
C Central African Republic
38%
D Dominica
38%
L Liechtenstein
38%
R Romania
37%
S Somalia
37%
C Cyprus
36%
A Albania
35%
E Egypt
35%
I Israel
35%
S Syria
35%
B Belgium
34%
D Democratic Republic of the Congo
34%
R Republic of the Congo
34%
C Cote d'Ivoire
31%
E Ecuador
30%
E Egypt
30%
T Tunisia
29%
C Chad
24%
No matching quizzes found
Score Distribution
Percent of People with Each Score
Percentile by Number Answered
Your Score History
You have not taken this quiz